Bibliografia prac prof
| Titel: | Bibliografia prac prof : Józefa Poklewskiego |
|---|---|
| In: |
Album amicorum, (2008), Seite 29-35 alle Artikel anzeigen |
| Veröffentlicht: | 2008 |
| Format: | Aufsatz |
| Sprache: | Polnisch |
X
alg: 39436638 001A $01999:12-11-16 001B $01999:29-05-21 $t17:48:33.000 001D $01999:12-11-16 001U $0utf8 001X $00 002@ $0Aox 003@ $0394366387 007A $0394366387 $aHEB 007T $0Herdkk00042364 010@ $apol 011@ $a2008 021A $aBibliografia prac prof $dJózefa Poklewskiego 031A $h29-35 $j2008 039B $aIn $8--Aau--. Album amicorum. - Toruń : Wydawnictwo Naukowe Uniwersytetu Mikołaja Kopernika, 2008. - 407 S.. - Ill.. - ISBN 83-231-2205-9 $x200800000000000971 $9366207512 045F $a929.09438 $eDDC23BSB 045F/01 $a929 045F/03 $g438 lok: 39436638 78 exp: 39436638 78 1 #EPN 201B/01 $018-11-16 $t11:23:34.000 201U/01 $0utf8 203@/01 $0790476894 208@/01 $a12-11-16 $be 209A/01 $a/ $f000 $x00 220C/01 $aHerkunft: PBB/IH PAN 244Z/01 $2Trx $#Poola $#Lenkija $#Polija $#Polen Land $#Poland $#Lengyelország $#Poľsko $#Polsko $8--Trx--Polska$gkraj $x01 $9391345966 244Z/01 $aGeschichte 1937-2007 $x02 244Z/01 $2Trx $8--Trx--Poklewski, Józef$Z1937- $x03 $9390780987 244Z/01 $2Trx $#ajaloolased $#istorikai $#historians $#történészek $#historycy $#historici $#historici $8--Trx--Historiker $x04 $9391373544 244Z/01 $2Trx $#bibliograafiad isikud $#bibliografijos personalinės $#Bibliographies persons $#szakirodalmak személyek $#bibliografie osobowe $#bibliografie personálne $#bibliografie personální $#Personalbibliographie $8--Trx--Bibliographien$gPersonen $x05 $9391368532 244Z/01 $2Trx $8--Trx--Einzelbeiträge $x06 $9391384570 245Z/01 $a12.03 $x01 247C/01 $82080>Marburg/Lahn, Herder-Institut, Forschungsbibliothek, Bibliographieportal $9336309341
| LEADER | 00000caa a22000002c 4500 | ||
|---|---|---|---|
| 001 | 394366387 | ||
| 003 | DE-603 | ||
| 005 | 20210529174833.0 | ||
| 007 | tu | ||
| 008 | 161112s2008 xx |||| | u00||u|pol c | ||
| 035 | |a (DE-599)HEB394366387 | ||
| 040 | |a DE-603 |b ger |c DE-603 |d DE-603 | ||
| 041 | |a pol | ||
| 082 | 0 | 4 | |8 1\u |a 929.09438 |q DE-101 |2 23/BSB |
| 085 | |8 1\u |b 929 | ||
| 085 | |8 1\u |z 2 |s 438 | ||
| 245 | 0 | 0 | |a Bibliografia prac prof |b Józefa Poklewskiego |
| 264 | 0 | |c 2008 | |
| 773 | 0 | 8 | |i In |t Album amicorum |d Toruń : Wydawnictwo Naukowe Uniwersytetu Mikołaja Kopernika, 2008 |h 407 S., Ill. |z 8323122059 |z 9788323122050 |g (2008), Seite 29-35 |w (DE-603)366207512 |
| 924 | 0 | |9 2080 |a (DE-603)790476894 |b DE-2080 |c HES |d d |g / | |


